| 000 | 01312nam a2200313Ia 4500 | ||
|---|---|---|---|
| 001 | ebr10368632 | ||
| 003 | CaPaEBR | ||
| 006 | m u | ||
| 007 | cr cn||||||||| | ||
| 008 | 100526s2009 dcua s i000 0 eng d | ||
| 040 |
_aCaPaEBR _cCaPaEBR |
||
| 035 | _a(OCoLC)649434598 | ||
| 050 | 1 | 4 |
_aHC800 _b.A537 2009eb |
| 100 | 1 | _aAndrianaivo, Mihasonirina. | |
| 245 | 1 | 0 |
_aUnderstanding the growth of African financial markets _h[electronic resource] / _cprepared by Mihasonirina Andrianaivo and Charles Amo Yartey. |
| 260 |
_a[Washington, D.C.] : _bInternational Monetary Fund, African Dept., _c2009. |
||
| 300 |
_a40 p. : _bill. |
||
| 490 | 1 |
_aIMF working paper ; _vWP/09/182 |
|
| 500 | _a"August 2009." | ||
| 533 |
_aElectronic reproduction. _bPalo Alto, Calif. : _cebrary, _d2011. _nAvailable via World Wide Web. _nAccess may be limited to ebrary affiliated libraries. |
||
| 650 | 0 |
_aBanks and banking _zAfrica. |
|
| 650 | 0 |
_aStock exchanges _zAfrica. |
|
| 655 | 7 |
_aElectronic books. _2local |
|
| 700 | 1 | _aYartey, Charles Amo. | |
| 710 | 2 |
_aInternational Monetary Fund. _bAfrican Dept. |
|
| 710 | 2 | _aebrary, Inc. | |
| 830 | 0 |
_aIMF working paper ; _vWP/09/182. |
|
| 856 | 4 | 0 |
_uhttp://site.ebrary.com/lib/rucke/Doc?id=10368632 _zAn electronic book accessible through the World Wide Web; click to view |
| 999 |
_c212014 _d212014 |
||